ბათუმის შოთა რუსთაველის სახელმწიფო უნივერსიტეტის ბიბლიოთეკა

საისტორიო მაცნე XX : (ბიბ.ჩანაწერი № 41680)

000 -ლიდერი
ფიქსირებული სიგრძის საკონტროლო ველი 01536nam a2200265Ia 4500
001 - საკონტროლო ნომერი
საკონტროლო ველი 8354
003 - საკონტროლო ნომრის იდენტიფიკატორი
საკონტროლო ველი GE_BSU
005 - ბოლო ოპერაციის თარიღი და დრო
საკონტროლო ველი 20240320154140.0
008 - ფიქსირებული სიგრძის მონაცემთა ელემენტები - ზოგადი ინფორმაცია
ფიქსირებული სიგრძის საკონტროლო ველი 181216s2013ge xx |||||||||||||| ||geo||
020 ## - წიგნის საერთაშორისო სტანდარტული ნომერი
International Standard Book Number 1512-214X
040 ## - კატალოგიზაციის წყარო
Transcribing agency GE_BSU
041 ## - ენის კოდი
Language code of text/sound track or separate title geo
080 ## - უნივერსალური ათობითი კლასიფიკაციის ინდექსი
Universal Decimal Classification number 94(479.22) ს-18
245 ## - ცნობა სათაურის შესახებ
Title საისტორიო მაცნე XX :
Remainder of title შრომების კრებული /
Statement of responsibility, etc მთ.რედ. შოთა მამულაძე, ტომის რედ. მერაბ მეგრელიშვილი
264 ## - წარმოების, გამოცემის, დისტრიბუციის და სხვა ცნობები
გამოცემის, წარმოების, დისტრიბუციის... ადგილი ბათუმი :
გამოცემის, წარმოების, დისტრიბუციის... სახელწოდება შოთა რუსთაველის სახ. უნ–ტი,
გამოცემის, წარმოების, დისტრიბუციის... თარიღი 2013
300 ## - ფიზიკური აღწერა
Extent 407 გვ .;
Dimensions 20 სმ.
653 ## - INDEX TERM--UNCONTROLLED
Uncontrolled term საისტორიო მაცნე
653 ## - INDEX TERM--UNCONTROLLED
Uncontrolled term შრომების კრებული
653 ## - INDEX TERM--UNCONTROLLED
Uncontrolled term ისტორია
700 ## - ADDED ENTRY--PERSONAL NAME
Personal name მამულაძე, შოთა
Relator term მთავარი რედაქტორი
9 (RLIN) 1483
700 ## - ADDED ENTRY--PERSONAL NAME
Personal name მეგრელიშვილი, მერაბ
Relator term ტომის რედაქტორი
9 (RLIN) 1818
710 ## - ADDED ENTRY--CORPORATE NAME
Corporate name or jurisdiction name as entry element ბათუმის შოთა რუსთაველის სახელმწიფო უნივერსიტეტი
9 (RLIN) 13525
710 ## - ADDED ENTRY--CORPORATE NAME
Corporate name or jurisdiction name as entry element განათლებისა და მეცნიერებათა ფაკულტეტი, ისტორიის, არქეოლოგიისა და ეთნოლოგიის დეპარტამენტი
9 (RLIN) 13526
942 ## - ADDED ENTRY ELEMENTS (KOHA)
Koha item type შრომები
Source of classification or shelving scheme
ეგზემპლარები
ჩამოწერის სტატუსი დაკარგული ეგზემპლარის სტატუსი კლასიფიკაციის წყარო ან თაროზე გაწყობის სქემა დაზიანების სტატუსი არ გაიცემა მუდმივი მდებარეობა (დაცვის ადგილი) ამჟამინდელი ადგილსამყოფელი თაროზე განთავსების ადგილი შეძენის თარიღი ღირებულება, შესყიდვის ნორმალური ფასი სრული შენახვის შიფრი შტრიხკოდი ბოლო ოპერაციის თარიღი ეგზემპლარის მიმდევრობითი ნომერი (კეტერი?) ფასის ძალაში შესვლის თარიღი ეგზემპლარის სახეობა საჯარო შენიშვნა
          ბათუმის შოთა რუსთაველის სახელმწიფო უნივერსიტეტის მთავარი ბიბლიოთეკა ბათუმის შოთა რუსთაველის სახელმწიფო უნივერსიტეტის მთავარი ბიბლიოთეკა წიგნსაცავი 2018-12-17 7.00 94(479.22) ს-18 26710 2018-12-17 26710 2018-12-17 შრომები 7ლ.20თ.
          ბათუმის შოთა რუსთაველის სახელმწიფო უნივერსიტეტის მთავარი ბიბლიოთეკა ბათუმის შოთა რუსთაველის სახელმწიფო უნივერსიტეტის მთავარი ბიბლიოთეკა წიგნსაცავი 2018-12-17 7.00 94(479.22) ს-18 26711 2018-12-17 26711 2018-12-17 შრომები 7ლ.20თ.
          ბათუმის შოთა რუსთაველის სახელმწიფო უნივერსიტეტის მთავარი ბიბლიოთეკა ბათუმის შოთა რუსთაველის სახელმწიფო უნივერსიტეტის მთავარი ბიბლიოთეკა წიგნსაცავი 2018-12-17 7.00 94(479.22) ს-18 26712 2018-12-17 26712 2018-12-17 შრომები 7ლ.20თ.
          ბათუმის შოთა რუსთაველის სახელმწიფო უნივერსიტეტის მთავარი ბიბლიოთეკა ბათუმის შოთა რუსთაველის სახელმწიფო უნივერსიტეტის მთავარი ბიბლიოთეკა წიგნსაცავი 2018-12-17 7.00 94(479.22) ს-18 26713 2018-12-17 26713 2018-12-17 შრომები 7ლ.20თ.
          ბათუმის შოთა რუსთაველის სახელმწიფო უნივერსიტეტის მთავარი ბიბლიოთეკა ბათუმის შოთა რუსთაველის სახელმწიფო უნივერსიტეტის მთავარი ბიბლიოთეკა წიგნსაცავი 2018-12-17 7.00 94(479.22) ს-18 26714 2018-12-17 26714 2018-12-17 შრომები 7ლ.20თ.